[Event "European Individual Championship - Reyk"]
[Site "Reykjavik, Iceland"]
[Date "2021.08.26"]
[Round "1.9"]
[White "Abasov, Nijat"]
[Black "Stefansson, Vignir Vatnar"]
[Result "1-0"]
[WhiteElo "2656"]
[BlackElo "2371"]
[PlyCount "47"]
[EventDate "2021.??.??"]

1. e4 {[%emt 0:00:02]} c5 {[%emt 0:00:36]} 2. Nf3 {[%emt 0:00:46]} Nc6 {
[%emt 0:00:08]} 3. d4 {[%emt 0:01:33]} cxd4 {[%emt 0:00:05]} 4. Nxd4 {[%emt 0:
00:09]} Nf6 {[%emt 0:00:05]} 5. Nc3 {[%emt 0:00:09]} e5 {[%emt 0:00:03]} 6.
Ndb5 {[%emt 0:00:24]} d6 {[%emt 0:00:06]} 7. Bg5 {[%emt 0:00:57]} a6 {[%emt 0:
00:06]} 8. Na3 {[%emt 0:00:11]} b5 {[%emt 0:00:08]} 9. Nd5 {[%emt 0:00:07]} Be7
{[%emt 0:00:06]} 10. Bxf6 {[%emt 0:00:07]} Bxf6 {[%emt 0:00:03]} 11. c3 {
[%emt 0:00:21]} O-O {[%emt 0:00:32]} 12. Nc2 {[%emt 0:00:34]} Bg5 {[%emt 0:00:
05]} 13. a4 {[%emt 0:02:43]} bxa4 {[%emt 0:03:22]} 14. Rxa4 {[%emt 0:00:39]}
Bb7 {[%emt 0:13:23]} 15. Bc4 {[%emt 0:04:07]} Kh8 {[%emt 0:02:37]} 16. O-O {
[%emt 0:03:31]} g6 {[%emt 0:03:15]} 17. Qd3 {[%emt 0:01:35]} Na5 {[%emt 0:07:
20]} 18. Ba2 {[%emt 0:03:43]} Bc6 {[%emt 0:02:36]} 19. Ra3 {[%emt 0:00:21]} Bb5
{[%emt 0:06:31]} 20. c4 {[%emt 0:00:42]} Bc6 {[%emt 0:03:14]} 21. f4 {[%emt 0:
26:27]} Bh6 {[%emt 0:01:29]} 22. Qc3 {[%emt 0:02:16]} Bxd5 {[%emt 0:03:38]} 23.
exd5 {[%emt 0:00:51]} Qb6+ {[%emt 0:04:45]} 24. c5 {[%emt 0:00:35]} 1-0

[Event "European Individual Championship - Reyk"]
[Site "Reykjavik, Iceland"]
[Date "2021.08.26"]
[Round "1.10"]
[White "Kanyamarala, Tarun"]
[Black "Mamedov, Rauf"]
[Result "0-1"]
[WhiteElo "2369"]
[BlackElo "2654"]
[PlyCount "80"]
[EventDate "2021.??.??"]

1. e4 {[%emt 0:00:01]} c5 {[%emt 0:00:12]} 2. Nf3 {[%emt 0:00:10]} d6 {[%emt 0:
00:08]} 3. d4 {[%emt 0:02:32]} cxd4 {[%emt 0:00:12]} 4. Qxd4 {[%emt 0:00:20]}
Nf6 {[%emt 0:00:07]} 5. c4 {[%emt 0:00:39]} Nc6 {[%emt 0:00:43]} 6. Qe3 {
[%emt 0:00:21]} g6 {[%emt 0:00:34]} 7. h3 {[%emt 0:00:37]} Bg7 {[%emt 0:00:08]}
8. Be2 {[%emt 0:00:12]} O-O {[%emt 0:07:48]} 9. O-O {[%emt 0:00:23]} Nd7 {
[%emt 0:00:30]} 10. Nc3 {[%emt 0:01:33]} Qb6 {[%emt 0:03:19]} 11. Qd2 {[%emt 0:
17:50]} Qa5 {[%emt 0:01:10]} 12. Rb1 {[%emt 0:12:23]} b6 {[%emt 0:13:13]} 13.
Rd1 {[%emt 0:26:17]} Nc5 {[%emt 0:06:47]} 14. Qf4 {[%emt 0:07:28]} Bxc3 {
[%emt 0:16:27]} 15. bxc3 {[%emt 0:00:14]} f6 {[%emt 0:00:39]} 16. h4 {[%emt 0:
05:12]} Bd7 {[%emt 0:20:16]} 17. Rd5 {[%emt 0:09:41]} Qxa2 {[%emt 0:03:36]} 18.
Rb2 {[%emt 0:03:34]} Qa1 {[%emt 0:01:12]} 19. Kh2 {[%emt 0:02:36]} Be6 {
[%emt 0:07:29]} 20. Rd1 {[%emt 0:05:14]} Bf7 {[%emt 0:07:03]} 21. Nd4 {[%emt 0:
02:33]} Ne5 {[%emt 0:02:01]} 22. h5 {[%emt 0:00:22]} g5 {[%emt 0:02:41]} 23.
Qe3 {[%emt 0:00:40]} Kh8 {[%emt 0:00:15]} 24. Nf5 {[%emt 0:00:34]} Rae8 {
[%emt 0:01:11]} 25. f4 {[%emt 0:00:30]} gxf4 {[%emt 0:00:57]} 26. Qxf4 {
[%emt 0:00:06]} Be6 {[%emt 0:00:04]} 27. Qh4 {[%emt 0:01:04]} Bxf5 {[%emt 0:00:
24]} 28. exf5 {[%emt 0:00:18]} Rg8 {[%emt 0:00:13]} 29. h6 {[%emt 0:00:39]}
Ref8 {[%emt 0:01:08]} 30. Rc2 {[%emt 0:00:35]} Qa4 {[%emt 0:00:23]} 31. Rcd2 {
[%emt 0:00:26]} Nb3 {[%emt 0:00:31]} 32. Rd5 {[%emt 0:00:28]} Nxc1 {[%emt 0:01:
14]} 33. Rxc1 {[%emt 0:00:10]} Rg5 {[%emt 0:00:29]} 34. Qe4 {[%emt 0:00:57]}
Rfg8 {[%emt 0:00:10]} 35. Rg1 {[%emt 0:00:17]} Ng4+ {[%emt 0:03:09]} 36. Kg3 {
[%emt 0:00:34]} Ne5+ {[%emt 0:01:17]} 37. Kf2 {[%emt 0:00:20]} Qa2 {[%emt 0:00:
16]} 38. g3 {[%emt 0:00:43]} Rg4 {[%emt 0:00:52]} 39. Qe3 {[%emt 0:00:19]} Qc2
{[%emt 0:00:26]} 40. Ke1 {[%emt 0:00:15]} Re4 {[%emt 0:00:22]} 0-1

[Event "European Individual Championship - Reyk"]
[Site "Reykjavik, Iceland"]
[Date "2021.08.26"]
[Round "1.11"]
[White "Saric, Ivan"]
[Black "Samadov, Read"]
[Result "1/2-1/2"]
[WhiteElo "2653"]
[BlackElo "2360"]
[PlyCount "91"]
[EventDate "2021.??.??"]

1. e4 {[%emt 0:00:01]} c5 {[%emt 0:00:12]} 2. Nf3 {[%emt 0:00:05]} d6 {[%emt 0:
00:06]} 3. d4 {[%emt 0:00:10]} cxd4 {[%emt 0:00:07]} 4. Nxd4 {[%emt 0:00:04]}
Nf6 {[%emt 0:00:08]} 5. Nc3 {[%emt 0:00:04]} a6 {[%emt 0:00:06]} 6. Be3 {
[%emt 0:01:18]} e5 {[%emt 0:00:36]} 7. Nb3 {[%emt 0:00:04]} Be6 {[%emt 0:00:16]
} 8. f3 {[%emt 0:02:07]} Nbd7 {[%emt 0:00:39]} 9. Qd2 {[%emt 0:00:05]} Be7 {
[%emt 0:00:33]} 10. O-O-O {[%emt 0:00:46]} O-O {[%emt 0:00:38]} 11. g4 {
[%emt 0:00:04]} b5 {[%emt 0:00:26]} 12. g5 {[%emt 0:00:54]} Nh5 {[%emt 0:00:22]
} 13. Rg1 {[%emt 0:09:01]} Nb6 {[%emt 0:04:37]} 14. Nd5 {[%emt 0:10:43]} Nxd5 {
[%emt 0:02:52]} 15. exd5 {[%emt 0:00:05]} Bf5 {[%emt 0:06:24]} 16. Na5 {
[%emt 0:00:34]} f6 {[%emt 0:00:51]} 17. Nc6 {[%emt 0:00:05]} Qd7 {[%emt 0:00:
50]} 18. h4 {[%emt 0:02:49]} Bd8 {[%emt 0:13:21]} 19. Be2 {[%emt 0:02:11]} fxg5
{[%emt 0:04:36]} 20. hxg5 {[%emt 0:02:24]} Nf4 {[%emt 0:02:26]} 21. Bxf4 {
[%emt 0:12:58]} exf4 {[%emt 0:00:10]} 22. Kb1 {[%emt 0:06:03]} Bb6 {[%emt 0:02:
38]} 23. Rg2 {[%emt 0:03:52]} Rae8 {[%emt 0:03:10]} 24. Rh1 {[%emt 0:00:22]}
Re3 {[%emt 0:03:45]} 25. a3 {[%emt 0:03:20]} Rfe8 {[%emt 0:02:44]} 26. Bd1 {
[%emt 0:12:01]} Bg6 {[%emt 0:04:45]} 27. Qb4 {[%emt 0:05:32]} Rf8 {[%emt 0:03:
05]} 28. Rg4 {[%emt 0:00:10]} Bc5 {[%emt 0:01:55]} 29. Qd2 {[%emt 0:00:07]} Rf5
{[%emt 0:08:06]} 30. Nb4 {[%emt 0:07:19]} Qb7 {[%emt 0:05:17]} 31. Rgh4 {
[%emt 0:05:49]} Bxb4 {[%emt 0:06:13]} 32. Qxb4 {[%emt 0:00:04]} Qxd5 {[%emt 0:
00:42]} 33. Rxf4 {[%emt 0:00:10]} Rxf4 {[%emt 0:03:33]} 34. Qxf4 {[%emt 0:00:
05]} Re5 {[%emt 0:01:17]} 35. Qg4 {[%emt 0:00:57]} Bf5 {[%emt 0:05:30]} 36. Qh4
{[%emt 0:01:40]} Qd2 {[%emt 0:03:51]} 37. Qh2 {[%emt 0:04:44]} Qe3 {[%emt 0:02:
25]} 38. Qg1 {[%emt 0:01:20]} Qd2 {[%emt 0:01:25]} 39. Qb6 {[%emt 0:04:18]} Rc5
{[%emt 0:01:32]} 40. Qd8+ {[%emt 0:01:45]} Kf7 {[%emt 0:00:08]} 41. f4 {
[%emt 0:00:23]} Bxc2+ {[%emt 0:03:29]} 42. Bxc2 {[%emt 0:04:16]} Qxc2+ {
[%emt 0:00:10]} 43. Ka1 {[%emt 0:00:06]} Rd5 {[%emt 0:02:19]} 44. Qd7+ {
[%emt 0:00:33]} Kf8 {[%emt 0:00:07]} 45. Qd8+ {[%emt 0:00:28]} Kf7 {[%emt 0:00:
05]} 46. Qd7+ {[%emt 0:00:18]} 1/2-1/2

[Event "European Individual Championship - Reyk"]
[Site "Reykjavik, Iceland"]
[Date "2021.08.26"]
[Round "1.12"]
[White "Kjartansson, David"]
[Black "Sarana, Alexey"]
[Result "0-1"]
[WhiteElo "2326"]
[BlackElo "2643"]
[PlyCount "54"]
[EventDate "2021.??.??"]

1. d4 {[%emt 0:00:09]} Nf6 {[%emt 0:00:07]} 2. Nf3 {[%emt 0:00:26]} e6 {
[%emt 0:00:15]} 3. e3 {[%emt 0:02:52]} c5 {[%emt 0:01:07]} 4. Bd3 {[%emt 0:03:
10]} d5 {[%emt 0:01:09]} 5. c3 {[%emt 0:01:58]} Nc6 {[%emt 0:00:23]} 6. O-O {
[%emt 0:00:59]} Bd6 {[%emt 0:04:14]} 7. Nbd2 {[%emt 0:02:13]} O-O {[%emt 0:00:
48]} 8. dxc5 {[%emt 0:03:55]} Bxc5 {[%emt 0:00:02]} 9. e4 {[%emt 0:00:41]} a6 {
[%emt 0:01:40]} 10. Qe2 {[%emt 0:01:57]} Ba7 {[%emt 0:01:14]} 11. Bc2 {[%emt 0:
16:23]} Re8 {[%emt 0:00:39]} 12. Nb3 {[%emt 0:06:57]} Nxe4 {[%emt 0:02:37]} 13.
Bxe4 {[%emt 0:00:09]} dxe4 {[%emt 0:00:04]} 14. Qxe4 {[%emt 0:00:12]} f6 {
[%emt 0:12:13]} 15. Be3 {[%emt 0:00:28]} Bb8 {[%emt 0:00:11]} 16. Rad1 {
[%emt 0:04:36]} Qc7 {[%emt 0:00:29]} 17. Bc5 {[%emt 0:01:19]} Qf7 {[%emt 0:00:
41]} 18. Rfe1 {[%emt 0:10:06]} e5 {[%emt 0:00:58]} 19. Bd6 {[%emt 0:11:46]} Ne7
{[%emt 0:09:44]} 20. Nc5 {[%emt 0:07:07]} Ng6 {[%emt 0:12:51]} 21. b4 Ba7 {
[%emt 0:04:06]} 22. a4 {[%emt 0:03:16]} Nf4 {[%emt 0:01:32]} 23. Nd2 {[%emt 0:
09:41]} Bg4 {[%emt 0:02:54]} 24. f3 {[%emt 0:00:28]} Be6 {[%emt 0:00:07]} 25.
Kh1 {[%emt 0:00:31]} Rad8 {[%emt 0:03:17]} 26. Nxe6 {[%emt 0:00:48]} Qxe6 {
[%emt 0:00:14]} 27. Bc7 {[%emt 0:00:45]} Rd7 {[%emt 0:01:17]} 0-1

[Event "European Individual Championship - Reyk"]
[Site "Reykjavik, Iceland"]
[Date "2021.08.26"]
[Round "1.13"]
[White "Deac, Bogdan-Daniel"]
[Black "Pein, Malcolm"]
[Result "1-0"]
[WhiteElo "2639"]
[BlackElo "2309"]
[PlyCount "55"]
[EventDate "2021.??.??"]

1. c4 {[%emt 0:00:05]} Nf6 {[%emt 0:00:33]} 2. Nc3 {[%emt 0:01:03]} e5 {
[%emt 0:01:26]} 3. Nf3 {[%emt 0:04:10]} Nc6 {[%emt 0:00:11]} 4. e4 {[%emt 0:00:
34]} Bb4 {[%emt 0:04:43]} 5. d3 {[%emt 0:00:31]} Bxc3+ {[%emt 0:04:10]} 6. bxc3
{[%emt 0:00:04]} d6 {[%emt 0:00:12]} 7. g3 {[%emt 0:01:06]} O-O {[%emt 0:02:53]
} 8. Bg2 {[%emt 0:05:23]} a6 {[%emt 0:03:54]} 9. a4 {[%emt 0:02:15]} Bd7 {
[%emt 0:11:15]} 10. O-O {[%emt 0:21:26]} Rb8 {[%emt 0:18:03]} 11. a5 {[%emt 0:
03:41]} Ne7 {[%emt 0:09:57]} 12. c5 {[%emt 0:03:46]} Bg4 {[%emt 0:01:24]} 13.
cxd6 {[%emt 0:02:35]} Qxd6 {[%emt 0:02:13]} 14. d4 {[%emt 0:07:46]} Bxf3 {
[%emt 0:07:34]} 15. Qxf3 {[%emt 0:02:49]} Rfe8 {[%emt 0:03:28]} 16. Ba3 {
[%emt 0:01:37]} Qe6 {[%emt 0:04:01]} 17. d5 {[%emt 0:01:17]} Qd7 {[%emt 0:04:
42]} 18. c4 {[%emt 0:01:43]} Nc8 {[%emt 0:00:58]} 19. c5 {[%emt 0:03:02]} Na7 {
[%emt 0:01:39]} 20. Bb2 {[%emt 0:01:05]} Nb5 {[%emt 0:04:42]} 21. Qd3 {[%emt 0:
02:39]} Qe7 {[%emt 0:00:56]} 22. Rac1 {[%emt 0:00:12]} Nd7 {[%emt 0:03:36]} 23.
Qe3 {[%emt 0:04:08]} c6 {[%emt 0:01:21]} 24. Bh3 {[%emt 0:04:39]} Nf8 {[%emt 0:
02:48]} 25. d6 {[%emt 0:05:13]} Qd8 {[%emt 0:00:06]} 26. f4 {[%emt 0:00:04]}
exf4 {[%emt 0:03:28]} 27. Qxf4 {[%emt 0:00:27]} f6 {[%emt 0:00:29]} 28. e5 {
[%emt 0:00:03]} 1-0

[Event "European Individual Championship - Reyk"]
[Site "Reykjavik, Iceland"]
[Date "2021.08.26"]
[Round "1.14"]
[White "Aizenberg, Benny"]
[Black "Martirosyan, Haik M."]
[Result "0-1"]
[WhiteElo "2309"]
[BlackElo "2632"]
[PlyCount "84"]
[EventDate "2021.??.??"]

1. e4 {[%emt 0:00:01]} e5 {[%emt 0:00:59]} 2. Nf3 {[%emt 0:00:02]} Nc6 {
[%emt 0:00:09]} 3. Bb5 {[%emt 0:00:02]} Nf6 {[%emt 0:00:32]} 4. O-O {[%emt 0:
00:07]} Nxe4 {[%emt 0:00:18]} 5. d4 {[%emt 0:00:02]} Nd6 {[%emt 0:00:31]} 6.
dxe5 {[%emt 0:00:07]} Nxb5 {[%emt 0:00:28]} 7. a4 {[%emt 0:00:01]} d6 {[%emt 0:
02:43]} 8. e6 {[%emt 0:00:16]} Bxe6 {[%emt 0:00:22]} 9. axb5 {[%emt 0:00:34]}
Ne5 {[%emt 0:00:43]} 10. Nd4 {[%emt 0:03:42]} Be7 {[%emt 0:00:57]} 11. f4 {
[%emt 0:11:53]} Nc4 {[%emt 0:01:36]} 12. Nxe6 {[%emt 0:14:52]} fxe6 {[%emt 0:
00:15]} 13. Qe2 {[%emt 0:00:02]} Nb6 {[%emt 0:08:51]} 14. Qxe6 {[%emt 0:03:43]}
Qd7 {[%emt 0:00:09]} 15. Qxd7+ {[%emt 0:03:16]} Kxd7 {[%emt 0:01:09]} 16. Bd2 {
[%emt 0:13:10]} Rhf8 {[%emt 0:06:16]} 17. b3 {[%emt 0:06:49]} Rf5 {[%emt 0:08:
06]} 18. Na3 {[%emt 0:07:06]} a5 {[%emt 0:10:14]} 19. g4 {[%emt 0:07:26]} Rff8
{[%emt 0:01:10]} 20. Nb1 {[%emt 0:03:43]} a4 {[%emt 0:02:30]} 21. bxa4 {
[%emt 0:00:22]} Nxa4 {[%emt 0:01:01]} 22. Nc3 {[%emt 0:01:33]} Nb6 {[%emt 0:01:
27]} 23. Rae1 {[%emt 0:07:27]} Ra3 {[%emt 0:01:44]} 24. Ne4 {[%emt 0:05:05]}
Nc4 {[%emt 0:03:35]} 25. Bc1 {[%emt 0:00:43]} Ra5 {[%emt 0:00:51]} 26. Nc3 {
[%emt 0:02:17]} Bf6 {[%emt 0:01:00]} 27. Rf3 {[%emt 0:00:07]} Na3 {[%emt 0:04:
09]} 28. g5 {[%emt 0:04:22]} Nxc2 {[%emt 0:07:22]} 29. Ref1 {[%emt 0:00:08]}
Bxc3 {[%emt 0:01:05]} 30. Rxc3 {[%emt 0:00:02]} Nd4 {[%emt 0:00:08]} 31. Rc4 {
[%emt 0:02:06]} Nf5 {[%emt 0:02:01]} 32. Rb4 {[%emt 0:00:22]} Re8 {[%emt 0:00:
43]} 33. Kf2 {[%emt 0:01:21]} Ra2+ {[%emt 0:00:24]} 34. Bb2 {[%emt 0:00:02]}
Re3 {[%emt 0:01:14]} 35. Rd1 {[%emt 0:00:51]} Rh3 {[%emt 0:01:24]} 36. Kg2 {
[%emt 0:00:03]} Rha3 {[%emt 0:01:14]} 37. Rd2 {[%emt 0:02:01]} Ra4 {[%emt 0:00:
29]} 38. Rb3 {[%emt 0:00:02]} Rxf4 {[%emt 0:00:32]} 39. Kh3 {[%emt 0:02:33]}
Rh4+ {[%emt 0:01:05]} 40. Kg2 {[%emt 0:00:01]} Rg4+ {[%emt 0:00:25]} 41. Kf3 {
[%emt 0:00:17]} Raa4 {[%emt 0:01:24]} 42. Rf2 {[%emt 0:01:41]} Rae4 {[%emt 0:
01:12]} 0-1

[Event "European Individual Championship - Reyk"]
[Site "Reykjavik, Iceland"]
[Date "2021.08.26"]
[Round "1.15"]
[White "Banusz, Tamas"]
[Black "Heimisson, Hilmir Freyr"]
[Result "0-1"]
[WhiteElo "2631"]
[BlackElo "2309"]
[PlyCount "50"]
[EventDate "2021.??.??"]

1. d4 {[%emt 0:00:03]} Nf6 {[%emt 0:00:07]} 2. Nf3 {[%emt 0:00:07]} d5 {
[%emt 0:00:21]} 3. g3 {[%emt 0:00:05]} c5 {[%emt 0:09:32]} 4. Bg2 {[%emt 0:00:
08]} cxd4 {[%emt 0:00:08]} 5. O-O {[%emt 0:00:17]} h6 {[%emt 0:04:54]} 6. b3 {
[%emt 0:00:18]} e6 {[%emt 0:02:40]} 7. Bb2 {[%emt 0:02:02]} Be7 {[%emt 0:01:33]
} 8. Nxd4 {[%emt 0:03:31]} O-O {[%emt 0:18:16]} 9. c4 {[%emt 0:01:52]} e5 {
[%emt 0:14:03]} 10. Nf3 {[%emt 0:03:47]} e4 {[%emt 0:00:37]} 11. Ne5 {[%emt 0:
02:47]} dxc4 {[%emt 0:03:18]} 12. Nxc4 {[%emt 0:02:42]} Na6 {[%emt 0:13:21]}
13. Nc3 {[%emt 0:03:50]} Nc5 {[%emt 0:03:48]} 14. b4 {[%emt 0:01:59]} Be6 {
[%emt 0:02:49]} 15. Na5 {[%emt 0:03:16]} Qb6 {[%emt 0:02:48]} 16. a3 {[%emt 0:
01:50]} Rfd8 {[%emt 0:02:23]} 17. Qc2 {[%emt 0:00:20]} e3 {[%emt 0:00:37]} 18.
f4 {[%emt 0:00:58]} Rd2 {[%emt 0:01:33]} 19. Qb1 {[%emt 0:03:29]} Nd3 {[%emt 0:
06:17]} 20. Na4 {[%emt 0:04:36]} Qb5 {[%emt 0:01:43]} 21. Bd4 {[%emt 0:02:23]}
Nc1 {[%emt 0:07:10]} 22. Bxf6 {[%emt 0:14:06]} Nxe2+ {[%emt 0:00:18]} 23. Kh1 {
[%emt 0:00:05]} Nxg3+ {[%emt 0:02:52]} 24. hxg3 {[%emt 0:00:13]} Qh5+ {[%emt 0:
00:02]} 25. Kg1 {[%emt 0:00:06]} Rxg2+ {[%emt 0:00:10]} 0-1

[Event "European Individual Championship - Reyk"]
[Site "Reykjavik, Iceland"]
[Date "2021.08.26"]
[Round "1.16"]
[White "Jacobsen, Mikkel Manosri"]
[Black "Lagarde, Maxime"]
[Result "0-1"]
[WhiteElo "2309"]
[BlackElo "2631"]
[PlyCount "48"]
[EventDate "2021.??.??"]

1. c4 {[%emt 0:00:02]} b6 {[%emt 0:00:06]} 2. Nc3 {[%emt 0:00:27]} Bb7 {
[%emt 0:00:04]} 3. Nf3 {[%emt 0:01:07]} g6 {[%emt 0:00:21]} 4. h4 {[%emt 0:02:
03]} Nf6 {[%emt 0:02:18]} 5. d4 {[%emt 0:01:45]} Bg7 {[%emt 0:03:14]} 6. Qc2 {
[%emt 0:05:10]} d6 {[%emt 0:04:44]} 7. e4 {[%emt 0:08:16]} e5 {[%emt 0:00:20]}
8. d5 {[%emt 0:00:10]} O-O {[%emt 0:01:59]} 9. Be2 {[%emt 0:01:43]} c6 {
[%emt 0:01:32]} 10. Bg5 {[%emt 0:03:07]} h6 {[%emt 0:01:49]} 11. Bd2 {[%emt 0:
01:23]} b5 {[%emt 0:03:54]} 12. h5 {[%emt 0:06:11]} Nxh5 {[%emt 0:08:06]} 13.
dxc6 {[%emt 0:07:11]} Nxc6 {[%emt 0:00:07]} 14. cxb5 {[%emt 0:00:54]} Nd4 {
[%emt 0:02:01]} 15. Nxd4 {[%emt 0:02:33]} exd4 {[%emt 0:00:04]} 16. Nd5 {
[%emt 0:01:01]} Re8 {[%emt 0:02:55]} 17. Kf1 {[%emt 0:02:20]} Nf6 {[%emt 0:01:
58]} 18. Bxh6 {[%emt 0:12:13]} Nxe4 {[%emt 0:07:50]} 19. Nc7 {[%emt 0:24:04]}
Qf6 {[%emt 0:02:50]} 20. Bf3 {[%emt 0:01:50]} Bxh6 {[%emt 0:02:44]} 21. Nxe8 {
[%emt 0:02:30]} Rxe8 {[%emt 0:00:10]} 22. Re1 {[%emt 0:02:24]} Rc8 {[%emt 0:06:
08]} 23. Qxc8+ {[%emt 0:03:34]} Bxc8 {[%emt 0:00:05]} 24. Rxe4 {[%emt 0:00:05]}
Bf8 {[%emt 0:00:40]} 0-1

[Event "European Individual Championship - Reyk"]
[Site "Reykjavik, Iceland"]
[Date "2021.08.26"]
[Round "1.17"]
[White "Paravyan, David"]
[Black "Sylvan, Jacob"]
[Result "1-0"]
[WhiteElo "2631"]
[BlackElo "2307"]
[PlyCount "55"]
[EventDate "2021.??.??"]

1. c4 {[%emt 0:00:07]} c5 {[%emt 0:00:29]} 2. Nf3 {[%emt 0:00:08]} Nc6 {
[%emt 0:00:07]} 3. Nc3 {[%emt 0:00:09]} g6 {[%emt 0:02:12]} 4. e3 {[%emt 0:00:
08]} Nf6 {[%emt 0:06:38]} 5. d4 {[%emt 0:00:07]} cxd4 {[%emt 0:00:17]} 6. exd4
{[%emt 0:00:04]} d5 {[%emt 0:00:07]} 7. cxd5 {[%emt 0:00:07]} Nxd5 {[%emt 0:00:
04]} 8. Qb3 {[%emt 0:00:07]} e6 {[%emt 0:00:27]} 9. Bb5 {[%emt 0:02:31]} f6 {
[%emt 0:03:36]} 10. O-O {[%emt 0:00:48]} Kf7 {[%emt 0:01:43]} 11. Re1 {[%emt 0:
09:40]} Nce7 {[%emt 0:07:25]} 12. Bd2 {[%emt 0:03:29]} a6 {[%emt 0:13:23]} 13.
Bf1 {[%emt 0:06:59]} Qb6 {[%emt 0:06:14]} 14. Qa4 {[%emt 0:02:24]} Qc6 {
[%emt 0:17:30]} 15. Qd1 {[%emt 0:00:10]} Bg7 {[%emt 0:03:44]} 16. Rc1 {[%emt 0:
02:26]} Rd8 {[%emt 0:02:31]} 17. Nxd5 {[%emt 0:04:58]} Qxd5 {[%emt 0:00:15]}
18. Rc7 {[%emt 0:00:17]} Qd6 {[%emt 0:08:10]} 19. Qc1 {[%emt 0:06:05]} Rd7 {
[%emt 0:01:07]} 20. Rc5 {[%emt 0:01:11]} Bf8 {[%emt 0:06:48]} 21. Bf4 {[%emt 0:
02:01]} Qb6 {[%emt 0:00:09]} 22. Bc4 {[%emt 0:00:42]} Rd6 {[%emt 0:02:42]} 23.
Bxd6 {[%emt 0:00:50]} Qxd6 {[%emt 0:00:06]} 24. Bb3 {[%emt 0:00:57]} Bd7 {
[%emt 0:00:31]} 25. Rc7 {[%emt 0:06:01]} Rc8 {[%emt 0:00:57]} 26. Rxc8 {
[%emt 0:00:10]} Bxc8 {[%emt 0:00:19]} 27. d5 {[%emt 0:00:30]} e5 {[%emt 0:00:
25]} 28. Nd2 {[%emt 0:00:12]} 1-0

[Event "European Individual Championship - Reyk"]
[Site "Reykjavik, Iceland"]
[Date "2021.08.26"]
[Round "1.18"]
[White "Milikow, Yoav"]
[Black "Vocaturo, Daniele"]
[Result "0-1"]
[WhiteElo "2287"]
[BlackElo "2630"]
[PlyCount "96"]
[EventDate "2021.??.??"]

1. d4 {[%emt 0:00:03]} Nf6 {[%emt 0:00:34]} 2. c4 {[%emt 0:00:13]} g6 {[%emt 0:
00:45]} 3. Nc3 {[%emt 0:00:07]} Bg7 {[%emt 0:00:25]} 4. e4 {[%emt 0:00:08]} d6
{[%emt 0:00:13]} 5. Be2 {[%emt 0:00:08]} O-O {[%emt 0:00:55]} 6. Be3 {[%emt 0:
00:09]} Nc6 {[%emt 0:02:56]} 7. d5 {[%emt 0:00:42]} Ne5 {[%emt 0:00:24]} 8. h3
{[%emt 0:00:44]} e6 {[%emt 0:03:46]} 9. Nf3 {[%emt 0:01:22]} Nxf3+ {[%emt 0:02:
28]} 10. Bxf3 {[%emt 0:00:08]} Nd7 {[%emt 0:00:10]} 11. Qd2 {[%emt 0:04:43]}
exd5 {[%emt 0:02:14]} 12. cxd5 {[%emt 0:08:41]} Nc5 {[%emt 0:02:14]} 13. b4 {
[%emt 0:08:59]} Nd7 {[%emt 0:01:58]} 14. O-O {[%emt 0:03:14]} a5 {[%emt 0:06:
44]} 15. a3 {[%emt 0:04:01]} Nb6 {[%emt 0:10:27]} 16. Be2 {[%emt 0:04:32]} Bd7
{[%emt 0:00:07]} 17. Rab1 {[%emt 0:08:30]} axb4 {[%emt 0:02:33]} 18. axb4 {
[%emt 0:00:09]} f5 {[%emt 0:02:46]} 19. exf5 {[%emt 0:06:38]} Bxf5 {[%emt 0:00:
55]} 20. Rbc1 {[%emt 0:00:39]} Rf7 {[%emt 0:01:57]} 21. Nb5 {[%emt 0:02:45]}
Na4 {[%emt 0:07:10]} 22. g4 {[%emt 0:02:34]} Be4 {[%emt 0:04:37]} 23. f3 {
[%emt 0:03:15]} Qh4 {[%emt 0:06:13]} 24. Kg2 {[%emt 0:01:54]} Be5 {[%emt 0:04:
40]} 25. Qe1 {[%emt 0:11:48]} Qxe1 {[%emt 0:00:07]} 26. Rfxe1 {[%emt 0:00:12]}
c6 {[%emt 0:00:59]} 27. dxc6 {[%emt 0:02:11]} Bxc6 {[%emt 0:00:42]} 28. Nd4 {
[%emt 0:01:28]} Bd5 {[%emt 0:01:58]} 29. Red1 {[%emt 0:03:15]} Nb6 {[%emt 0:05:
02]} 30. Nf5 {[%emt 0:03:24]} gxf5 {[%emt 0:01:40]} 31. Bxb6 {[%emt 0:00:07]}
Ra2 {[%emt 0:01:06]} 32. Kf1 {[%emt 0:03:30]} Bxf3 {[%emt 0:13:20]} 33. Bc4 {
[%emt 0:01:05]} Be2+ {[%emt 0:01:41]} 34. Bxe2 {[%emt 0:00:02]} fxg4+ {[%emt 0:
00:05]} 35. Bf2 {[%emt 0:00:35]} b5 {[%emt 0:05:31]} 36. Ke1 {[%emt 0:01:49]}
gxh3 {[%emt 0:00:15]} 37. Rc8+ {[%emt 0:04:27]} Kg7 {[%emt 0:00:31]} 38. Rd4 {
[%emt 0:00:56]} h5 {[%emt 0:02:34]} 39. Rh4 {[%emt 0:01:25]} h2 {[%emt 0:00:57]
} 40. Rxh5 {[%emt 0:01:35]} Ra1+ {[%emt 0:01:52]} 41. Bd1 {[%emt 0:00:09]}
Rxd1+ {[%emt 0:03:00]} 42. Kxd1 {[%emt 0:00:03]} Rxf2 {[%emt 0:00:06]} 43. Rch8
{[%emt 0:01:32]} Rb2 {[%emt 0:04:55]} 44. R8h7+ {[%emt 0:02:05]} Kg8 {[%emt 0:
06:03]} 45. Rh4 {[%emt 0:02:07]} Rxb4 {[%emt 0:02:30]} 46. Rxb4 {[%emt 0:00:24]
} Kxh7 {[%emt 0:00:04]} 47. Rh4+ {[%emt 0:00:07]} Kg6 {[%emt 0:00:07]} 48. Ke2
{[%emt 0:00:12]} b4 {[%emt 0:00:42]} 0-1

[Event "European Individual Championship - Reyk"]
[Site "Reykjavik, Iceland"]
[Date "2021.08.26"]
[Round "1.19"]
[White "Yilmaz, Mustafa"]
[Black "Karason, Askell O"]
[Result "1-0"]
[WhiteElo "2630"]
[BlackElo "2270"]
[PlyCount "57"]
[EventDate "2021.??.??"]

1. d4 {[%emt 0:00:04]} Nf6 {[%emt 0:00:07]} 2. c4 {[%emt 0:00:06]} e6 {[%emt 0:
00:03]} 3. Nf3 {[%emt 0:00:05]} b6 {[%emt 0:00:10]} 4. g3 {[%emt 0:00:17]} Ba6
{[%emt 0:00:16]} 5. b3 {[%emt 0:00:32]} Bb4+ {[%emt 0:00:31]} 6. Bd2 {[%emt 0:
00:10]} c5 {[%emt 0:00:18]} 7. Bg2 {[%emt 0:06:50]} Bb7 {[%emt 0:01:29]} 8. O-O
{[%emt 0:03:39]} O-O {[%emt 0:10:42]} 9. Bf4 {[%emt 0:13:57]} cxd4 {[%emt 0:02:
31]} 10. Qxd4 {[%emt 0:02:14]} Bc5 {[%emt 0:12:12]} 11. Qb2 {[%emt 0:03:21]}
Nc6 {[%emt 0:04:56]} 12. Nc3 {[%emt 0:03:09]} a6 {[%emt 0:14:07]} 13. Rfd1 {
[%emt 0:01:44]} Ra7 {[%emt 0:00:51]} 14. a3 {[%emt 0:01:37]} Qc8 {[%emt 0:01:
18]} 15. b4 {[%emt 0:03:13]} Be7 {[%emt 0:00:05]} 16. Be3 {[%emt 0:03:51]} Ba8
{[%emt 0:03:14]} 17. Bxb6 {[%emt 0:05:15]} Rb7 {[%emt 0:00:06]} 18. c5 {
[%emt 0:01:05]} Rb8 {[%emt 0:00:30]} 19. Rac1 {[%emt 0:02:27]} a5 {[%emt 0:12:
11]} 20. b5 {[%emt 0:03:01]} Nd8 {[%emt 0:00:14]} 21. Na4 {[%emt 0:01:58]} Nd5
{[%emt 0:02:38]} 22. Bxa5 {[%emt 0:04:05]} Qb7 {[%emt 0:01:11]} 23. Nb6 {
[%emt 0:05:05]} Qa7 {[%emt 0:00:39]} 24. Nxd5 {[%emt 0:03:12]} Bxd5 {[%emt 0:
00:57]} 25. Bb6 {[%emt 0:00:29]} Qa8 {[%emt 0:04:19]} 26. Ne1 {[%emt 0:01:35]}
d6 {[%emt 0:02:30]} 27. Bxd5 {[%emt 0:02:19]} exd5 {[%emt 0:00:05]} 28. Bc7 {
[%emt 0:00:10]} Bf6 {[%emt 0:01:47]} 29. Qb3 {[%emt 0:00:23]} 1-0